000 00253nam a2200109Ia 4500
008 200302s9999 xx 000 0 und d
100 _aAmanda Baillieu
245 _aContemporary Windows
260 _bMitchell Beazley
260 _c2003
300 _a176 P.,
999 _c1820
_d1820